[Event "IECG WC.2004.S.00001 email"]
[Site "IECG email"]
[Date "2002.05.08"]
[Round "?"]
[White "Garcia Ruvalcaba, Jose de Jesus"]
[Black "Haug, Ulrich"]
[Result "0-1"]
[WhiteElo "2219"]
[BlackElo "1876"]
[PlyCount "90"]
[EventDate "2002.05.08"]
[EventType "tourn (corr)"]
[EventRounds "8"]
[SourceTitle "Corr 2008"]
[Source "ChessBase"]
[SourceDate "2008.06.24"]
[SourceVersion "1"]
[SourceVersionDate "2008.06.24"]
[SourceQuality "1"]

1. e4 d5 2. exd5 Qxd5 3. Nc3 Qa5 4. Nf3 Nf6 5. Bc4 c6 6. 0-0 Bg4 7. h3 Bh5 8. d4 e6 9. Qe2 Nbd7 10. g4 Bg6 11. a3 Bd6 12. Bd2 Qc7 13. g5 Nh5 14. d5 cxd5 15. Nxd5 Qb8 16. Nc3 0-0 17. Bd3 Bxd3 18. Qxd3 Ne5 19. Qe4 Rd8 20. Rad1 Ng6 21. Be3 Nhf4 22. h4 a6 23. Na4 b5 24. Nb6 Ra7 25. c4 f5 26. gxf6 gxf6 27. c5 f5 28. Qc2 Rg7 29. Kh1 Bc7 30. Rg1 Rxd1 31. Qxd1 Qb7 32. Bxf4 Nxf4 33. Nd7 Kf7 34. Rxg7+ Kxg7 35. Kg1 Qc6 36. b3 e5 37. Kf1 a5 38. h5 Kh6 39. b4 Qe4 40. Nf6 Qc4+ 41. Kg1 e4 42. Ne1 Qa2 43. Kf1 Be5 44. Nd7 Bd4 45. Qc2 Qxa3 0-1

[Event "IECG WC.2004.S.00001 email"]
[Site "IECG email"]
[Date "2002.05.08"]
[Round "?"]
[White "Ibar, Marcelo Rodolfo"]
[Black "Garcia Ruvalcaba, Jose de Jesus"]
[Result "1/2-1/2"]
[WhiteElo "2366"]
[BlackElo "2219"]
[PlyCount "100"]
[EventDate "2002.05.08"]
[EventType "tourn (corr)"]
[EventRounds "8"]
[SourceTitle "Corr 2008"]
[Source "ChessBase"]
[SourceDate "2008.06.24"]
[SourceVersion "1"]
[SourceVersionDate "2008.06.24"]
[SourceQuality "1"]

1. e4 c6 2. d4 d5 3. exd5 cxd5 4. c4 Nf6 5. Nc3 Nc6 6. Nf3 Bg4 7. cxd5 Nxd5 8. Qb3 Bxf3 9. gxf3 e6 10. Qxb7 Nxd4 11. Bb5+ Nxb5 12. Qc6+ Ke7 13. Qxb5 Nxc3 14. bxc3 Qd5 15. Qxd5 exd5 16. Rb1 Ke6 17. Be3 Bd6 18. 0-0 Be5 19. Rfe1 Kf6 20. Rb3 Kg6 21. f4 Bf6 22. Rd1 Rhd8 23. Rb5 Bxc3 24. Rbxd5 Rxd5 25. Rxd5 a6 26. Bd4 Bxd4 27. Rxd4 Kf5 28. Ra4 Ra7 29. Kg2 a5 30. Kf3 Ke6 31. Ke4 g6 32. f5+ gxf5+ 33. Kf4 Kf6 34. h4 Ra8 35. h5 h6 36. f3 Ra6 37. a3 Ke6 38. Ke3 Ke5 39. Rc4 Kf6 40. Kf4 Rd6 41. Ra4 Rd5 42. Rc4 Rb5 43. Rc6+ Kg7 44. Ra6 Rc5 45. Kg3 Rb5 46. Kf4 Rc5 47. Kg3 Rd5 48. a4 f4+ 49. Kh4 Rc5 50. Kg4 Rd5 1/2-1/2

[Event "IECG WC.2004.S.00001 email"]
[Site "IECG email"]
[Date "2002.05.08"]
[Round "?"]
[White "Raidna, Raivo I"]
[Black "Garcia Ruvalcaba, Jose de Jesus"]
[Result "1-0"]
[WhiteElo "2370"]
[BlackElo "2219"]
[PlyCount "103"]
[EventDate "2002.05.08"]
[EventType "tourn (corr)"]
[EventRounds "8"]
[SourceTitle "Corr 2008"]
[Source "ChessBase"]
[SourceDate "2008.06.24"]
[SourceVersion "1"]
[SourceVersionDate "2008.06.24"]
[SourceQuality "1"]

1. e4 e5 2. Nf3 Nf6 3. d3 Nc6 4. Be2 d5 5. Nbd2 Bc5 6. 0-0 0-0 7. c3 a5 8. h3 h6 9. Qa4 Be6 10. Nxe5 Nxe5 11. d4 Nxe4 12. Nxe4 dxe4 13. dxc5 Qd5 14. Rd1 Nd3 15. Bxd3 exd3 16. Bf4 c6 17. Qd4 Qxd4 18. cxd4 Bf5 19. g4 Bh7 20. Kf1 Rad8 21. Bd6 Rfe8 22. b3 Be4 23. Kg1 f6 24. Rd2 Kf7 25. Re1 Re6 26. f4 f5 27. Be5 h5 28. g5 h4 29. Kf2 Rd7 30. Rxe4 fxe4 31. Ke3 Re8 32. f5 a4 33. g6+ Kg8 34. Kxe4 axb3 35. axb3 Ra8 36. Rxd3 Ra1 37. Kf4 Rg1 38. Bd6 Re1 39. b4 Rd8 40. b5 Rde8 41. Ra3 R1e4+ 42. Kf3 Rxd4 43. b6 Rd5 44. Kg4 Rd4+ 45. Kg5 Rd1 46. Ra7 Rg1+ 47. Kxh4 Rf1 48. Rxb7 Rxf5 49. Ra7 Re4+ 50. Kg3 Rg5+ 51. Kf3 Re8 52. b7 1-0

[Event "IECG CM.1999.0.00086"]
[Site "IECG email"]
[Date "1999.??.??"]
[Round "?"]
[White "McCorry, Robert T"]
[Black "Garcia Ruvalcaba, Jose de Jesus"]
[Result "0-1"]
[WhiteElo "2411"]
[BlackElo "1812"]
[PlyCount "108"]
[EventDate "1999.08.30"]
[EventType "tourn (corr)"]
[EventRounds "6"]
[SourceTitle "Corr 2008"]
[Source "ChessBase"]
[SourceDate "2008.06.24"]
[SourceVersion "1"]
[SourceVersionDate "2008.06.24"]
[SourceQuality "1"]

1. e4 c6 2. d4 d5 3. Nc3 dxe4 4. Nxe4 Nd7 5. Bc4 Ngf6 6. Ng5 e6 7. Qe2 Nb6 8. Bd3 Qxd4 9. N1f3 Qd5 10. 0-0 h6 11. Nxf7 Kxf7 12. Ne5+ Kg8 13. Bg6 Bd6 14. Nf7 Qc4 15. Qd1 Bc7 16. Nxh8 Kxh8 17. b3 Qh4 18. g3 Qh3 19. Qf3 Bd7 20. Bb2 Nbd5 21. Rfe1 Ne7 22. Bd3 Ng4 23. Qg2 Qxg2+ 24. Kxg2 Bb6 25. Re2 Rf8 26. Rf1 Kg8 27. c4 Nf5 28. h3 Nf6 29. Rd1 Nd4 30. Bxd4 Bxd4 31. Bh7+ Kxh7 32. Rxd4 c5 33. Rd6 Kg6 34. Re5 b6 35. f3 Kf7 36. h4 Ke7 37. Rd3 Be8 38. a4 Nd7 39. Re1 a5 40. Rde3 Rf6 41. f4 Nb8 42. g4 Bd7 43. Kg3 Nc6 44. h5 Nd4 45. Rd3 Kd6 46. Re5 Be8 47. Rd2 Bf7 48. Re3 Bg8 49. Re5 Bh7 50. Re3 Rf8 51. Rc3 g6 52. hxg6 Bxg6 53. Re3 h5 54. gxh5 Bxh5 0-1